000 01201na a2200349 4500
001 17736
003 MIRAKIL
005 20181213155029.0
008 161104b tu 000 0
020 _a9751927382
040 _aMilas
_btur
_cTR-AnCHP
041 _atur
082 _a338.9631
_bK55 2001
090 _a338.9631 K55 2001
245 _aKimya sanayi özel ihtisas komisyonu raporu
_bYeni malzemeler alt komisyonu raporu
_cDevlet Planlama Teşkilatı
246 _aYeni malzemeler alt komisyonu raporu
246 _aKimya sanayi
260 _aAnkara
_bDPT
_c2001
300 _a115 s.
_btbl.
_c27 sm.
440 _aDPT
_v2590
490 _aÖİK
_v602
500 _aSekizinci beş yıllık kalkınma planı özel ihtisas komisyonu raporu
610 _aDevlet Planlama Teşkilatı (DPT)
650 _aYeni malzemeler (Kimya)
_xKalkınma planı, 2001
_yRaporlar
650 _aKimya
_xKalkınma planı, 2001
_yRaporlar
651 _aTürkiye
_xBeş yıllık kalkınma planları
710 _aDevlet Planlama Teşkilatı (DPT)
740 _aYeni Malzemeler Alt Komisyonu Raporu
740 _aKimya sanayi
830 _aDevlet Planlama Teşkilatı Yayınları
942 _2ddc
_cBKS
999 _c5176
_d5176